Science and technology indicators basic statistical

সংরক্ষণ করুন:
গ্রন্থ-পঞ্জীর বিবরন
বিন্যাস: গ্রন্থ
ভাষা:Undetermined
প্রকাশিত: Paris 1985
বিষয়গুলি:
ট্যাগগুলো: ট্যাগ যুক্ত করুন
কোনো ট্যাগ নেই, প্রথমজন হিসাবে ট্যাগ করুন!
Thư viện lưu trữ: Trung tâm Học liệu Trường Đại học Cần Thơ
LEADER 00400nam a2200145Ia 4500
001 CTU_98679
008 210402s9999 xx 000 0 und d
082 |a 338.9 
082 |b S416/Vol.B 
245 0 |a Science and technology indicators basic statistical 
260 |a Paris 
260 |c 1985 
650 |a Science indicators 
904 |i Truc 
980 |a Trung tâm Học liệu Trường Đại học Cần Thơ